Test de Rapidité - "/" - Statistiques

Statistiques générales
  • Ce quiz a été pris 409 fois
  • Le résultat moyen est 95 sur 100
Statistiques - réponses
/ % Correct
/
100%
/
100%
/
100%
/
100%
/
100%
/
100%
/
99%
/
99%
/
99%
/
99%
/
99%
/
99%
/
99%
/
99%
/
99%
/
99%
/
99%
/
99%
/
99%
/
99%
/
98%
/
98%
/
98%
/
98%
/
98%
/
98%
/
98%
/
98%
/
98%
/
98%
/
98%
/
98%
/
98%
/
98%
/
98%
/
98%
/
98%
/
98%
/
98%
/
98%
/
98%
/
97%
/
97%
/
97%
/
97%
/
97%
/
97%
/
97%
/
97%
/
97%
/
97%
/
97%
/
97%
/
97%
/
97%
/
96%
/
96%
/
96%
/
96%
/
96%
/
96%
/
96%
/
96%
/
96%
/
96%
/
96%
/
96%
/
96%
/
95%
/
95%
/
95%
/
95%
/
95%
/
95%
/
94%
/
93%
/
93%
/
93%
/
92%
/
91%
/
91%
/
91%
/
91%
/
90%
/
89%
/
89%
/
88%
/
88%
/
87%
/
86%
/
85%
/
84%
/
83%
/
83%
/
83%
/
81%
/
81%
/
80%
/
79%
/
78%
Aucun quiz correspondant
Distribution des résultats
% des personnes avec chaque résultat
Percentile par nombre de réponses
Votre historique - résultats
Vous n’avez pas pris ce quiz